| 000 | 00601nam a2200181Ia 4500 | ||
|---|---|---|---|
| 008 | 151018s9999 xx 000 0 und d | ||
| 082 |
_bRBASDV45221 _a891.433 |
||
| 100 | _aराकेश इंदूरखा | ||
| 245 | _aसबसे बडा कौन | ||
| 250 | _b1 | ||
| 260 |
_bनर्मदा पुस्तक प्रकाशन _c2007 |
||
| 300 | _a16 | ||
| 600 | _aराकेश इंदूरखा | ||
| 630 | _aसबसे बडा कौन | ||
| 700 | _aराकेश इंदूरखा | ||
| 730 | _aसबसे बडा कौन | ||
| 942 | _cBOOK | ||
| 999 |
_c1044409 _d1044406 |
||